<?xml version="1.0" encoding="UTF-8"?>
<record
    xmlns:xsi="http://www.w3.org/2001/XMLSchema-instance"
    xsi:schemaLocation="http://www.loc.gov/MARC21/slim http://www.loc.gov/standards/marcxml/schema/MARC21slim.xsd"
    xmlns="http://www.loc.gov/MARC21/slim">

  <leader>00309nam a22001217a 4500</leader>
  <datafield tag="040" ind1=" " ind2=" ">
    <subfield code="c">HS</subfield>
  </datafield>
  <datafield tag="082" ind1=" " ind2=" ">
    <subfield code="a">338</subfield>
  </datafield>
  <datafield tag="100" ind1=" " ind2=" ">
    <subfield code="a">&#x17A0;&#x17CA;&#x17B8;&#x1784; &#x179F;&#x17B6;&#x179B;&#x17B8;&#x1793;</subfield>
  </datafield>
  <datafield tag="245" ind1=" " ind2=" ">
    <subfield code="a">Rural finance &#x17A0;&#x17B7;&#x179A;&#x1789;&#x17D2;&#x1789;&#x179C;&#x178F;&#x17D2;&#x1790;&#x17BB;&#x1787;&#x1793;&#x1794;&#x1791;</subfield>
  </datafield>
  <datafield tag="260" ind1=" " ind2=" ">
    <subfield code="a">RUA</subfield>
    <subfield code="b">&#x17A0;&#x17CA;&#x17B8;&#x1784; &#x179F;&#x17B6;&#x179B;&#x17B8;&#x1793;</subfield>
    <subfield code="c">2008</subfield>
  </datafield>
  <datafield tag="300" ind1=" " ind2=" ">
    <subfield code="a">NA</subfield>
  </datafield>
  <datafield tag="942" ind1=" " ind2=" ">
    <subfield code="c">KB</subfield>
  </datafield>
  <datafield tag="999" ind1=" " ind2=" ">
    <subfield code="c">10073</subfield>
    <subfield code="d">10073</subfield>
  </datafield>
  <datafield tag="952" ind1=" " ind2=" ">
    <subfield code="0">0</subfield>
    <subfield code="1">0</subfield>
    <subfield code="4">0</subfield>
    <subfield code="6">338_000000000000000_&#x17A0;&#x17B8;&#x1784;_2008_C017_OR</subfield>
    <subfield code="7">0</subfield>
    <subfield code="9">52432</subfield>
    <subfield code="a">LBC</subfield>
    <subfield code="b">LBC</subfield>
    <subfield code="c">C017</subfield>
    <subfield code="d">2016-09-19</subfield>
    <subfield code="o">338 &#x17A0;&#x17CA;&#x17B8;&#x1784; 2008 C017 Or.</subfield>
    <subfield code="p">RUA056266</subfield>
    <subfield code="r">2016-09-19</subfield>
    <subfield code="y">KB</subfield>
  </datafield>
  <datafield tag="952" ind1=" " ind2=" ">
    <subfield code="0">0</subfield>
    <subfield code="1">0</subfield>
    <subfield code="4">0</subfield>
    <subfield code="6">338_000000000000000_&#x17A0;&#x17B8;&#x1784;_2008</subfield>
    <subfield code="7">0</subfield>
    <subfield code="9">52433</subfield>
    <subfield code="a">LBC</subfield>
    <subfield code="b">LBC</subfield>
    <subfield code="d">2016-09-19</subfield>
    <subfield code="o">338 &#x17A0;&#x17CA;&#x17B8;&#x1784; 2008</subfield>
    <subfield code="p">RUA056543</subfield>
    <subfield code="r">2016-09-26</subfield>
    <subfield code="w">2016-09-19</subfield>
    <subfield code="y">KB</subfield>
  </datafield>
</record>
